| 000 | 00482nam a22001097a 4500 | ||
|---|---|---|---|
| 008 | 150618b xxu||||| |||| 00| 0 eng d | ||
| 010 | _8HCCRS:004 | ||
| 245 | _aHIGH COURT CRIMINAL SESSION No.128 of 1969 Uganda Vs Yowana Owachwango and other 10 | ||
| 260 | _aHigh Court Kampala | ||
| 500 | _3(original criminal Case No. MA. 777 of 1968 in the chief Magistrate's court of Gulu at Gulu Before: His Worship R. Sebuggwawo, Esq., Mag Grade 1) | ||
| 500 | _3Before Hon.Mr. Justice E.A Oteng | ||
| 999 |
_c6416 _d6416 |
||